| 000 | 00426nam a2200181Ia 4500 | ||
|---|---|---|---|
| 001 | 13586 | ||
| 005 | 20260306164812.0 | ||
| 008 | 260306t2003||||xx |||||||||||||| ||spa|| | ||
| 041 | _aESP | ||
| 082 |
_a005.1 _bB26 |
||
| 100 |
_aBass, Len _eAUT |
||
| 245 | 0 | _aSoftware architecture in practice | |
| 260 | _c2003 | ||
| 300 |
_axxii, 528 páginas : _c24 cm. |
||
| 650 | _aGEN | ||
| 654 | _aCCC | ||
| 942 |
_cLIB _dJUS _fJUS _2ddc _n |
||
| 999 |
_c13586 _d13586 |
||